000 00819nam a2200181Ia 4500
008 151202s9999||||xx |||||||||||||| ||und||
082 _bPNVM-66152
100 _aप्रेस्टन रिचर्ड-अनु.जोगळेकर प्रमोद.
245 _aद डेमन इन द फ्रीझर.
260 _b"मेहता पब्लिशिंग हाऊस, पुणे."
260 _c2009
300 _a276
600 _aप्रेस्टन रिचर्ड-अनु.जोगळेकर प्रमोद.
630 _aद डेमन इन द फ्रीझर.
700 _aप्रेस्टन रिचर्ड-अनु.जोगळेकर प्रमोद.
730 _aद डेमन इन द फ्रीझर.
942 _cBOOK
999 _c1332684
_d1332681